Ιστορία του θεάτρου

Αποθηκεύτηκε σε:
Λεπτομέρειες βιβλιογραφικής εγγραφής
Κύριος συγγραφέας: Hartnoll, Phyllis
Άλλοι συγγραφείς: Πατεράκη, Ρούλα (trlf)
Μορφή: Βιβλίο
Γλώσσα:Greek
English
Δημοσίευση: Αθήνα : Υποδομή, 1980.
Θέματα:
Ετικέτες: Προσθήκη ετικέτας
Δεν υπάρχουν, Καταχωρήστε ετικέτα πρώτοι!

MARC

LEADER 00000cam a2200000 i 4500
001 1/13643
008 980316s1980 gr | ||| |||| ||gre||
020 |a 9607183126 
035 |l 10019120 
040 |a GR-MY-UA  |b gre  |e aacr 
041 1 |a gre  |h eng 
082 7 |a 792.09   |2 (22) 
100 1 |a Hartnoll, Phyllis. 
245 1 0 |a Ιστορία του θεάτρου /   |c Φύλλις Χάρντολ ; μετάφραση: Ρούλα Πατεράκη.  
260 |a Αθήνα :   |b Υποδομή,   |c 1980.  
300 |a 318 σ. :   |b εικ. ;   |c 21 εκ.  
500 |a Μετάφραση του: A concise history of the theatre.  
504 |a Περιέχει ευρετήριο.  
650 0 0 |a Theater  |x History. 
700 1 |a Πατεράκη, Ρούλα,  |e trlf 
852 |a INST  |b LESVOS  |e 19980316  |h 792.09 HAR  |p 005100014810  |q 005100014810  |t BK  |y 0 
852 |a INST  |b SYROS  |e 20070821  |h 792.09 HAR  |p 005500007233  |q 005500007233  |t BK  |y 0 
901 |a BIBL5-2007-2 
901 |a BIBL-1998-2 
909 |a Ε  |b 138731 
909 |a Λ  |b 054260 
922 |a 5ΕΛΗ  |b 200708  |c ΕΠΕΑΕΚ2/ΤΜΣΠΣ  |d Σ. ΠΑΤΑΚΗΣ 
922 |a 1ΕΛΗ  |b 199802  |c ΚΠΣ/ΤΚΑ  |d EMVASIS 
970 |a ΚΟΝΤΟΥ  |b ΠΑΡΑΣΚΕΥΗ  |z 2007/08/21